<?xml version="1.0" encoding="UTF-8"?>
<collection xmlns="http://www.loc.gov/MARC21/slim">
 <record>
  <leader>02444nam a2200241Ia 4500</leader>
  <controlfield tag="001">CTU_235584</controlfield>
  <controlfield tag="008">210402s9999    xx            000 0 und d</controlfield>
  <datafield tag="082" ind1=" " ind2=" ">
   <subfield code="a">333.77</subfield>
  </datafield>
  <datafield tag="082" ind1=" " ind2=" ">
   <subfield code="b">K305</subfield>
  </datafield>
  <datafield tag="088" ind1=" " ind2=" ">
   <subfield code="a">8850103</subfield>
  </datafield>
  <datafield tag="100" ind1=" " ind2=" ">
   <subfield code="a">Đỗ, Trung Kiên</subfield>
  </datafield>
  <datafield tag="245" ind1=" " ind2="0">
   <subfield code="a">Xác định và đánh giá các yếu tố ảnh hưởng đến công tác bồi thường và hỗ trợ tái định cư trên địa bàn thị Xã Ngã Bảy, tỉnh Hậu Giang :</subfield>
  </datafield>
  <datafield tag="245" ind1=" " ind2="0">
   <subfield code="b">Luận văn tốt nghiệp cao học ngành. Quản lý đất đai</subfield>
  </datafield>
  <datafield tag="245" ind1=" " ind2="0">
   <subfield code="c">Đỗ Trung Kiên ; Lê Quang Trí (Cán bộ hướng dẫn)</subfield>
  </datafield>
  <datafield tag="260" ind1=" " ind2=" ">
   <subfield code="a">Cần Thơ</subfield>
  </datafield>
  <datafield tag="260" ind1=" " ind2=" ">
   <subfield code="b">Trường Đại học Cần Thơ</subfield>
  </datafield>
  <datafield tag="260" ind1=" " ind2=" ">
   <subfield code="c">2020</subfield>
  </datafield>
  <datafield tag="520" ind1=" " ind2=" ">
   <subfield code="a">Đề tài được thực hiện với mục tiêu đánh giá thực trạng và các yếu tố ảnh hưởng đến hiệu quả công tác bồi thường và hỗ trợ tái định cư, xác định những thuận lợi và khó khăn để từ đó làm cơ sở đề xuất giải pháp nhằm góp phần hoàn thiện công tác bố trí tái định cư trên địa bàn thị xã Ngã Bảy, tỉnh Hậu Giang. Đề tài được thực hiện dựa trên phương pháp phỏng vấn hộ dân bị ảnh hưởng dự án (số mẫu dự kiến 30 phiếu x 3 loại hình= 90 phiếu), phỏng vấn chuyên gia và tiến hành phân tích phương pháp xếp hạng (15 phiếu), phương pháp so sánh từng cặp, phân tích phân cấp (Analytical Hierarchy Process-AHP) từ kết quả phỏng vấn trên, từ đó đề xuất giải pháp nâng cao hiệu quả đến công tác bồi thường và hỗ trợ tái định của các dự án. Kết quả nghiên cứu cho thấy về quan điểm của chuyên gia đã xác định được 3 nhóm yếu tố chính là con người, chính sách và tài chính, trong đó vai trò của con người là quan trọng nhất.</subfield>
  </datafield>
  <datafield tag="650" ind1=" " ind2=" ">
   <subfield code="a">Land use,Sử dụng đất</subfield>
  </datafield>
  <datafield tag="650" ind1=" " ind2=" ">
   <subfield code="x">Planning,Kế hoạch</subfield>
  </datafield>
  <datafield tag="650" ind1=" " ind2=" ">
   <subfield code="z">Vietnam,Việt Nam</subfield>
  </datafield>
  <datafield tag="910" ind1=" " ind2=" ">
   <subfield code="c">tvtrong</subfield>
  </datafield>
  <datafield tag="980" ind1=" " ind2=" ">
   <subfield code="a">Trung tâm Học liệu Trường Đại học Cần Thơ</subfield>
  </datafield>
 </record>
</collection>
